Nghệ thuật kể chuyện - tấu nói Rakugo trong tiến trình hiện đại hoá Nhật Bản thời Minh Trị /

Na minha lista:
Detalhes bibliográficos
Autor principal: Nguyễn Dương Đỗ Quyên.
Formato: Atigo
Idioma:Vietnamese
Assuntos:
Tags: Adicionar Tag
Sem tags, seja o primeiro a adicionar uma tag!
Thư viện lưu trữ: Thư viện Trường Đại học Đà Lạt
LEADER 00841nam a2200253 4500
001 DLU180184775
005 ##20180509
040 # # |a DLU  |b vie 
041 # # |a vie 
044 # # |a vn 
100 # # |a Nguyễn Dương Đỗ Quyên. 
245 # # |a Nghệ thuật kể chuyện - tấu nói Rakugo trong tiến trình hiện đại hoá Nhật Bản thời Minh Trị /  |c Nguyễn Dương Đỗ Quyên. 
653 # # |a Nghệ thuật kể chuyện 
653 # # |a Truyền thống văn hoá 
773 # # |t Tạp chí Văn hoá dân gian  |g Số 2(158), 2015, tr. 74-78 
920 # # |a Phòng Tạp chí -- Trung tâm Thông tin - Thư viện Trường Đại học Đà Lạt 
994 # # |a DLU 
900 # # |a True 
911 # # |a Trần Thị Minh Hương 
925 # # |a G 
926 # # |a A 
927 # # |a BB 
980 # # |a Thư viện Trường Đại học Đà Lạt